000 00393nam a22001577a 4500
003 SGT
082 _a610.73
_bM76D
100 _a DAVAR, RUSTOM S.
245 _aTHE MANAGEMENT PROCESS (THE PRINCIPLES OF MAMAGEMENT )
250 _a3RD
260 _aBOMBAY, INDIA
_bPROGRESSIVE COM
_c1976
300 _a715
650 _aRESEARCH
653 _aPRINCIPLES OF MANAGEMENT
942 _2ddc
_cRARE
999 _c22341
_d22341